Stories in stone : (Record no. 5736)

MARC details
000 -LEADER
fixed length control field 00956nam a22002777a 4500
001 - CONTROL NUMBER
control field 5736
003 - CONTROL NUMBER IDENTIFIER
control field FISKH
005 - DATE AND TIME OF LATEST TRANSACTION
control field 20250117092921.0
008 - FIXED-LENGTH DATA ELEMENTS--GENERAL INFORMATION
fixed length control field 250117b cb ||||| |||| 00| 0 eng d
020 ## - INTERNATIONAL STANDARD BOOK NUMBER
International Standard Book Number 9780531186572
040 ## - CATALOGING SOURCE
Original cataloging agency FISKH
Language of cataloging eng
Transcribing agency FISKH
Modifying agency FISKH
050 ## - LIBRARY OF CONGRESS CALL NUMBER
Classification number QE765.K53
082 ## - DEWEY DECIMAL CLASSIFICATION NUMBER
Classification number 560
100 ## - MAIN ENTRY--PERSONAL NAME
Personal name Kittinger, Jo S.
245 ## - TITLE STATEMENT
Title Stories in stone :
Remainder of title the world of animal fossils /
Statement of responsibility, etc. by Jo S. Kittinger
260 ## - PUBLICATION, DISTRIBUTION, ETC.
Place of publication, distribution, etc. New York :
Name of publisher, distributor, etc. Scholastic ;
Date of publication, distribution, etc. 1998.
300 ## - PHYSICAL DESCRIPTION
Extent 64 pages :
Other physical details color illustrations ;
Dimensions 22 cm .
505 ## - FORMATTED CONTENTS NOTE
Formatted contents note Z <br/>
520 ## - SUMMARY, ETC.
Summary, etc. Describes the formation and characteristics of animal fossils, including those of trilobites, lobe-finned fishes, and dinosaurs, and explains how they give us information about the history of the earth.
521 8# - TARGET AUDIENCE NOTE
Target audience note 1050 <br/>
Source Lexile <br/>
521 8# - TARGET AUDIENCE NOTE
Target audience note Z <br/>
Source Raz-Plus <br/>
650 ## - SUBJECT ADDED ENTRY--TOPICAL TERM
Topical term or geographic name entry element fossils
Form subdivision non-fiction
700 ## - ADDED ENTRY--PERSONAL NAME
Personal name LeMonnier, Joe
Relator term illustrator
942 ## - ADDED ENTRY ELEMENTS (KOHA)
Source of classification or shelving scheme Dewey Decimal Classification
Koha item type Books
Suppress in OPAC No
Holdings
Withdrawn status Lost status Source of classification or shelving scheme Damaged status Not for loan Collection Home library Current library Shelving location Date acquired Total Checkouts Full call number Barcode Date last seen Price effective from Koha item type
    Dewey Decimal Classification     Non-Fiction Footprints International School Library Network Toul Kork Campus Footprints International School Library Network Toul Kork Campus TTP Secondary Non-Fiction Bookshelves 01/17/2025   KIT 560 QE765.K53 FISSE01495 01/17/2025 01/17/2025 Books